=LDR 00000nam 2200000 4500 =001 INLIS000000000054203 =005 20200228090932 =035 ##$$a 0010-1019000019 =007 ta =008 200228################g##########0#ind## =020 ##$$a 979-321-073-7 =082 ##$$a 153.8 =084 ##$$a 153.8 SYA t =100 #$$a Syahmuharnis =245 1#$$a Transcendental quotient : $b kecerdasan diri terbaik /$c Syahmuharnis ; Harry Sidharta =260 ##$$a Jakarta :$b Republika,$c 2006 =300 ##$$a xxxi,229 hlm. ; $c 21 x 14 cm. =650 #4$$a Transcendental quotient =700 #$$a Harry Sidharta =250 ##$$a cet. 1 =990 ##$$a 30709876